000 00513nam a2200157Ia 4500
008 140529s9999 xx 000 0 und d
020 _a9789718342688
050 _aBS 485
_b.W684 2001
100 _aWiersbe, Warren W.
245 _aBe successful :
_battaining wealth that money can't buy : OT commentary, 1 Samuel /
_cWarren W. Wiersbe; foreword by Ken Baugh
260 _aColorado Springs, CO :
_bDavid C. Cook,
_cc2011.
300 _a217 p. ;
_c21 cm.
521 _aGE
942 _kFOR
_cBK
999 _c117634
_d117634